000 00645nam a2200253Ia 4500
005 20260121155032.0
008 008 260114s9999 xx 000 0 eng d
020 _a9781003055778
037 _aEBOOK
040 _aCRL
040 _beng
040 _cCRL
041 _2eng
041 _aeng
084 _qCRL
100 _a Hilton Judin
_91014571
245 0 _aArchitecture, State Modernism and Cultural Nationalism in the Apartheid Capital
260 _bTaylor and Francis
260 _c2021
856 _uhttp://www.taylorfrancis.com/books/9781003055778
942 _cEBOOK
999 _c1581390
_d1581390